Էրեբունուց Թեյշեբաինի եռաչափ վերակազմությունների պատկերագիրք = (Record no. 527835)
[ view plain ]
| 000 -LEADER | |
|---|---|
| fixed length control field | 01335nam a2200253 a 4500 |
| 001 - CONTROL NUMBER | |
| control field | 1900856 |
| 003 - CONTROL NUMBER IDENTIFIER | |
| control field | AM-YEHGA |
| 005 - DATE AND TIME OF LATEST TRANSACTION | |
| control field | 20260223134049.0 |
| 008 - FIXED-LENGTH DATA ELEMENTS--GENERAL INFORMATION | |
| fixed length control field | 230503s ai a||||||||||||||0|arm|d |
| 040 ## - CATALOGING SOURCE | |
| Original cataloging agency | AM-YeHGA |
| 041 1# - LANGUAGE CODE | |
| Language code of text/sound track or separate title | arm |
| Language code of original | fre |
| 090 ## - LOCALLY ASSIGNED LC-TYPE CALL NUMBER (OCLC); LOCAL CALL NUMBER (RLIN) | |
| -- | 565977 |
| 100 1# - MAIN ENTRY--PERSONAL NAME | |
| Personal name | Սարգսյան, Ռուբեն |
| 9 (RLIN) | 1067 |
| 245 10 - TITLE STATEMENT | |
| Title | Էրեբունուց Թեյշեբաինի եռաչափ վերակազմությունների պատկերագիրք = |
| Remainder of title | D'Erebuni à Teichebaini 3D / |
| Statement of responsibility, etc. | Ռուբեն Սարգսյան ; ֆրանս. թարգմ.՝ Ստեֆան Դեշմապ, Ռոզա Ալեքսանյան և ուրիշ. ; ՀՀ ԳԱԱ Հնագիտ. և ազգագր. ին-տ, «Էրեբունի» պատմահնագիտ. արգելոց-թանգարան. |
| 246 15 - VARYING FORM OF TITLE | |
| Title proper/short title | D'Erebuni à Teichebaini 3D |
| 260 ## - PUBLICATION, DISTRIBUTION, ETC. | |
| Place of publication, distribution, etc. | Երևան : |
| Name of publisher, distributor, etc. | Էդիտ Պրինտ, |
| Date of publication, distribution, etc. | Ա. թ. |
| 300 ## - PHYSICAL DESCRIPTION | |
| Extent | 21 էջ : |
| Other physical details | նկ. |
| 650 10 - SUBJECT ADDED ENTRY--TOPICAL TERM | |
| Topical term or geographic name entry element | Հայոց պատմություն |
| 700 1# - ADDED ENTRY--PERSONAL NAME | |
| Personal name | Դեշմապ, Ստեֆան |
| Relator term | թարգմ. |
| Relationship | trl |
| 700 1# - ADDED ENTRY--PERSONAL NAME | |
| Personal name | Ալեքսանյան, Ռոզա |
| Relator term | թարգմ. |
| Relationship | trl |
| 710 1# - ADDED ENTRY--CORPORATE NAME | |
| Corporate name or jurisdiction name as entry element | ՀՀ գիտությունների ազգային ակադեմիա : |
| Subordinate unit | Հնագիտության և ազգագրության ինստիտուտ |
| 710 2# - ADDED ENTRY--CORPORATE NAME | |
| Corporate name or jurisdiction name as entry element | «Էրեբունի» պատմահնագիտական արգելոց-թանգարան |
| 942 ## - ADDED ENTRY ELEMENTS (KOHA) | |
| Source of classification or shelving scheme | Universal Decimal Classification |
| Koha item type | Գրքեր / Books |
| Koha issues (borrowed), all copies | 1 |
| Withdrawn status | Lost status | Source of classification or shelving scheme | Damaged status | Not for loan | Collection | Home library | Current library | Date acquired | Total checkouts | Full call number | Barcode | Date last seen | Date last checked out | Price effective from | Koha item type | Public note |
|---|---|---|---|---|---|---|---|---|---|---|---|---|---|---|---|---|
| Universal Decimal Classification | Reading Hall | Fundamental Scientific Library | Fundamental Scientific Library | 03/05/2023 | 1 | AII/110059 | FL0672164 | 23/02/2026 | 23/02/2026 | 03/05/2023 | Գրքեր / Books | 30 Days Loan |
ՀՀ Գիտությունների ազգային ակադեմիայի հիմնարար գիտական գրադարան = Fundamental Scientific Library of NAS RA
All site content, except where otherwise noted, is licensed under a